00774nam a2200217Ia 4500003000900000008004100009020001800050040001600068080001700084100002400101245015400125260002600279300001500305650001800320650004100338650002600379700002900405942000700434999001500441952010000456IN-BaIIA211028s9999 xx 000 0 eng d a0-471-23273-4 cIIA Library a52(091)bEDG aEdge, David O99580 0aAstronomy transformedbthe emergence of radio astronomy in BritaincDavid O Edge and Michael J Mulkay  aNew YorkbWileyc1976 axvi, 482p. aAstronomy980 aAstronomy and astrophysics thesaurus aRadio astronomy92849 aMulkay, Michael J.99581 cBK c5520d5520 00104070aBANbBANcGENd1977-08-06l0o52(091)/ EDGp6175r2021-11-05w1977-08-06yBK 26.50